000 01874cam a22004934i 4500
003 PE-LiUPU
005 20250731173443.0
008 150616s r 000 0 d
020 _a3438051303
035 _a(Sirsi) i9783438051301
040 _aPE-LiUPU
_bspa
_cPE-LiUPU
_erda
049 _aPRUA
082 0 4 _a226.1
_bA33
_221
100 1 _aKurt, Aland,
_eautor.
245 1 0 _aSynopsis Quattuor Evangeliorum /
_cAland Kurt.
264 1 _aStuttgart :
_bWürttembergische Bibelanstalt,
_c1969.
300 _a590 páginas ;
_c26 centímetros
336 _atext
_2rdacontent
337 _aunmediated
_2rdamedia
338 _avolume
_2rdacarrier
505 0 _aConspectus locorum parallelorum evangeliorum -- Novum Testamentum -- Vetus Testamentum -- Apovtyphs -- Patres.
526 _aSEG42
526 _aSEG41
526 _aSEG40
526 _aSEG39
526 _aP94
526 _aP87
526 _aP86
526 _aP85
526 _aP77
526 _aP76
526 _aP35
630 _aBiblia.
_pN.T.
_pEvangelios
_xComentarios.
910 _ajck
_bjvq
_cjck
942 _2ddc
_cBOOK
949 _a226.1 A33
_wDEWEY
_c1
_i39256
_lCCODEBUL1
_mBUL
_r0
_sY
_tBOOK
_u2015-6-16
_xTEOLOGIA
_zUNKNOWN
_0COMPRA
_o.STAFF. Colección General
949 _a226.1 A33
_wDEWEY
_c2
_i39255
_lCCODEBUL1
_mBUL
_r0
_sY
_tBOOK
_u2015-6-16
_xTEOLOGIA
_zUNKNOWN
_0COMPRA
_o.STAFF. Colección General
994 _aC0
_bPEPRU
596 _a1
999 _a226.1 A33
_wDEWEY
_c56860
_i39256
_f2021-11-9
_g5
_lCCODEBUL1
_mBUL
_r0
_sY
_tBOOK
_u2015-6-16
_xTEOLOGIA
_zUNKNOWN
_0COMPRA
_o.STAFF. Colección General
_d56860
999 _a226.1 A33
_wDEWEY
_c2
_i39255
_f2021-11-9
_g5
_lCCODEBUL1
_mBUL
_r0
_sY
_tBOOK
_u2015-6-16
_xTEOLOGIA
_zUNKNOWN
_0COMPRA
_o.STAFF. Colección General
980 _81
_gALBERTO SANCHEZ Responsable de Automatización